书目信息 |
| 题名: |
AutoCAD土木建筑绘图应用教程
|
|
| 作者: | 贾艳东 , 冯殿义 , 胡建生 编著 | |
| 分册: | ||
| 出版信息: | 北京 机械工业出版社 2006 |
|
| 页数: | 186页 | |
| 开本: | 26cm | |
| 丛书名: | ||
| 单 册: | ||
| 中图分类: | TU204-39 | |
| 科图分类: | ||
| 主题词: | 土木工程--建筑制图--制图程序--高等教育--教材 , 建筑制图 , 制图程序 , 土木工程 | |
| 电子资源: | ||
| ISBN: | 7-111-19927-8 | |
| 000 | 01078nam0 2200313 450 | |
| 001 | 070730000975 | |
| 005 | 20071016095928.96 | |
| 010 | @a7-111-19927-8@dCNY22.00 | |
| 035 | @a003262243 | |
| 100 | @a20060529d2006 em y0chiy0110 ea | |
| 101 | 0 | @achi |
| 102 | @aCN@b110000 | |
| 105 | @ay z 000yy | |
| 200 | 1 | @aAutoCAD土木建筑绘图应用教程@AAutoCAD tu mu jian zhu hui tu ying yong jiao cheng@e2005中文版@f贾艳东,冯殿义,胡建生编著 |
| 210 | @a北京@c机械工业出版社@d2006 | |
| 215 | @a186页@d26cm | |
| 300 | @a高职高专规划教材 制图员资格认证培训教材 | |
| 330 | @a本书介绍了13个绘图实例,从简单操作逐步过渡到绘制土木建筑施工图,通过对绘图实际操作的讲解,介绍AutoCAD2005系统的常用功能及使用方法。 | |
| 606 | 0 | @a土木工程@x建筑制图@x制图程序@x高等教育@j教材 |
| 606 | 0 | @a建筑制图 |
| 606 | 0 | @a制图程序 |
| 606 | 0 | @a土木工程 |
| 610 | 0 | @aAutoCAD |
| 690 | @aTU204-39@v4 | |
| 701 | 0 | @a贾艳东@Ajia yan dong@4编著 |
| 701 | 0 | @a冯殿义@Afeng dian yi@4编著 |
| 701 | 0 | @a胡建生@Ahu jian sheng@c(工程制图)@4编著 |
| 801 | 0 | @aCN@c20071016 |
| 905 | @dTU204-39@eJ252 | |
| AutoCAD土木建筑绘图应用教程:2005中文版/贾艳东,冯殿义,胡建生编著.-北京:机械工业出版社,2006 |
| 186页;26cm |
| 高职高专规划教材 制图员资格认证培训教材 |
| ISBN 7-111-19927-8:CNY22.00 |
| 本书介绍了13个绘图实例,从简单操作逐步过渡到绘制土木建筑施工图,通过对绘图实际操作的讲解,介绍AutoCAD2005系统的常用功能及使用方法。 |
| ● |
| 相关链接 |
|
|
|
正题名:AutoCAD土木建筑绘图应用教程
索取号:TU204-39/J252
 
预约/预借
| 序号 | 登录号 | 条形码 | 馆藏地/架位号 | 状态 | 备注 |
| 1 | 652459 | 206524590 | 建筑库101/101建筑库 110排2列1层/ [索取号:TU204-39/J252] | 在馆 |